<The> Making of Economic Society

Gespeichert in:
Bibliographische Detailangaben
1. Verfasser: Heilbroner, Robert L.
Format: Buch
Sprache:Englisch
Veröffentlicht: Englewood Cliffs Prentice-Hall 1989
Ausgabe:8. ed.
Tags: Tag hinzufügen
Keine Tags, Fügen Sie das erste Tag hinzu!

MARC

LEADER 00000nam a2200000 4500
001 c023045
005 20221215114117.1
041 0 |a eng 
044 |a US 
245 1 0 |a <The> Making of Economic Society  |c Robert L. Heilbroner 
250 |a 8. ed. 
264 1 |a Englewood Cliffs  |b Prentice-Hall  |c 1989 
300 |a 256 s. 
100 1 |a Heilbroner, Robert L.